000 00436cam a2200145ua 4500
003 OSt
008 241224b |||||||| |||| 00| 0 eng d
041 _aeng
082 _a621.317
_bGOP/DI
100 _aGopal, M .
_96571
245 _aDigital control and state variable methods: Conventional and fuzzy neural control systems /
260 _aNew Delhi :
_bTata Mc-Graw Hill Publishing Company ,
_c2003.
300 _a ; .
942 _cBK
999 _c12967
_d12967